000 01102nam a2200325 a 4500
001 000039793
003 DO-SdBPM
005 20251028111109.0
007 ta
008 130722s1968 sp 000 0 spa d
040 _aDO-SdBPM
_bspa
_cBPMSU
_drda
082 4 _aCu861.5
_bG633p 1968
_222
100 1 _aGómez de Avellaneda y Arteaga, Gertrudis,
_d1814-1873.
_eautor
245 1 0 _aPoesías selectas /
_c Gertrudis Gómez de Avellaneda ; edición y antología a cargo de D. Benito Varela Jácome
260 _b
_c
264 _aMadrid :
_bEditorial Bruguera,
_c1968
300 _a222 páginas ;
_c21 cm.
336 _atexto
_btxt
_2rdacontent
337 _asin mediación
_bn
_2rdamedia
338 _avolumen
_bnc
_2rdacarrier
490 0 _aLibro clasico
500 _aIncluye referencias bibliográficas y notas al pie de las páginas
590 _aInventariado, 2025/VM
650 7 _aPoesía cubana
650 7 _aPoetas cubanos
650 7 _aAntología poética
_zCuba
700 1 _aVarela Jácome, Benito,
_eeditor
910 _aVMateo V. Control de calidad. BPMSU
942 _2ddc
_cBK
999 _c15477
_d15477